| 000 | 00574nam a2200181 a 4500 | ||
|---|---|---|---|
| 005 | 20140310183344.0 | ||
| 008 | 070130s19uu xx 00 eng d | ||
| 020 | _a9781844778669 | ||
| 050 |
_aTX 725.A1 _b.C771 2006 |
||
| 245 |
_aCook smart : _bbest-ever meals on a budget - how to make 200 great value delicious and nutritious dishes / |
||
| 260 |
_aLondon : _bAnness Publishing Ltd, _c2006. |
||
| 300 |
_a256 p. : _bcol. ill. ; _c29 cm. |
||
| 521 | _aTOU | ||
| 650 | _aCookery, International. | ||
| 650 | _aQuantity cookery. | ||
| 942 |
_cBK _2lcc _kFOR |
||
| 999 |
_c21891 _d21891 |
||